00619caa a22001692a 4500001000900000003001100009008004300020092001500063100002200078245010300100300001500203500008600218546001300304942000900317773010600326999001700432 005487 AR-FADEU 311216n########xxu####################dd a417.9bE96 aBowerman, Melissa aThe 'no negative evidence' problem : how do children avoid constructing an overly general grammar? aPP. 73-102 aEn: Explaining language universals /ed. John A. Hawkins. Oxford : Blackwell, 1988 aInglés cBDGR0 01130599976abdOxfordo03032tEXPLAINING language universalsw( AR-FADEU) 005483xz0-631-17456-7 c11309d11309